EVERY Blackpink songs + Solos - Statistiques

Statistiques générales
  • Ce quiz a été pris 61 fois
    54 depuis la dernière actualisation
  • Le résultat moyen est 43 sur 103
Statistiques - réponses
Songs % Correct
BOOMBAYAH
84%
Kill This Love
84%
FLOWER
76%
MONEY
76%
DDU-DU DDU-DU
72%
GO
72%
STAY
72%
WHISTLE
72%
SOLO
68%
Ice Cream ft. Selena Gomez
68%
PLAYING WITH FIRE
68%
As if it's Your Last
64%
Forever Young
64%
How You Like That
64%
JUMP
64%
LALISA
64%
Like Jennie
64%
On the Ground
64%
Rockstar
64%
Champion
60%
Earthquake
60%
Kiss and Make Up ft. Dua Lipa
60%
Me and My
60%
Pink Venom
60%
APT ft. Bruno Mars
56%
Shut Down
56%
Fxxxboy
56%
Gone
56%
Pretty Savage
56%
Sour Candy ft. Lady Gaga
56%
THE GIRLS
56%
All Eyes on Me
52%
Don't Know What To Do
52%
Crazy Over You
52%
Lovesick Girls
52%
Hope Not
52%
Kick It
52%
Love to Hate Me
52%
ZEN
52%
Bet You Wanna ft. Cardi B
48%
You and Me
48%
Really
48%
See U Later
48%
Typa Girl
44%
Tally
44%
The Happiest Girl
44%
Mantra
44%
Your Love
44%
3am
40%
ExtraL ft. Doechii
40%
EYES CLOSED ft. Zayn
40%
Hard To Love
40%
Ready For Love
40%
Yeah Yeah Yeah
40%
Intro: JANE with FKJ
40%
number one girl
40%
Seoul City
40%
Tears
40%
toxic till the end
40%
Twin
40%
You Never Know
40%
stay a little longer
36%
Dream
32%
Filter
32%
Handlebars ft. Dua Lipa
32%
Hugs and Kisses
32%
Lifestyle
32%
SPOT ft. ZICO
32%
Thunder
32%
Chill
28%
Damn Right ft. Childish Gambino, Kali Uchis
28%
Dracula ft.Tame Impala
28%
drinks or coffee
28%
Love Hangover ft. Dominic Fike
28%
two years
28%
Born Again ft. Doja Cat, RAYE
24%
dance all night
24%
F.T.S.
24%
Messy
24%
New Woman ft. Rosalia
24%
Rapunzel
24%
SG ft.DJ Snake, Ozuna, Megan Thee Stallion
24%
Shoong! ft. TAEYANG
24%
start a war
24%
Black ft. G-DRAGON
20%
call it the end
20%
Elastigirl
20%
gameboy
20%
Moonlit Floor
20%
One Of The Girls ft.The Weeknd, Lily-Rose Depp
20%
On My Mind ft. Alex Warren
20%
When I'm with You ft.Tyla
20%
With the IE (way up)
20%
FXCK UP THE WORLD ft. Future
16%
Starlight
16%
too bad for us
16%
BADGRRRL
12%
Priceless ft. Maroon 5
12%
Without You ft. G-DRAGON
12%
not the same
8%
Special ft. LeeHi
8%
GG Bee ft. SEUNGRI
0%
Slow Motion ft. Matt Champion
0%
Aucun quiz correspondant
Distribution des résultats
% des personnes avec chaque résultat
Percentile par nombre de réponses
Votre historique - résultats
Vous n’avez pas pris ce quiz depuis la dernière actualisation